| 000 | 00886nam a2200193 i 4500 | ||
|---|---|---|---|
| 001 | 163529 | ||
| 003 | ES-MaACL | ||
| 005 | 20230906212746.0 | ||
| 008 | 050713s1898 sp | |||||||| ||spa d | ||
| 040 |
_aCAM _bspa _cCAM |
||
| 100 | 1 |
_aRigada y Ramón, María Encarnación de la. _9131818 |
|
| 245 | 1 | 0 |
_aIX Congreso Internacional de Higiene y Demografía ... / _ccomunicación presentada por Maria Encarnación de La Rigada y Ramón. |
| 260 |
_aMadrid : _b[s.n.], _c1898 ( _fImprenta de Juan Iglesia) |
||
| 300 |
_a22 p. ; _c16 cm. |
||
| 500 | _aTit. de la comunicación: "Importancia y necesidad de la antropometria en la higiene infantil" | ||
| 611 | 2 |
_aCongreso Internacional de Higiene y Demografía ( _n9ª. _d1898. _cMadrid) _9135086 |
|
| 650 | 4 |
_aHigiene infantil. _9136229 |
|
| 852 |
_aES-MaACL _jT-763-F-14 _z-- Enc. hol. conservando la original _z-- Enc. en un vol. facticio |
||
| 999 |
_c163529 _d163529 |
||